zpět

Detail výsledku týmu

U Pošty - Vinohrady ČT, Praha

Datum a čas kvízu

24.5 Celkem bodů Celkový počet nahraných bodů na tomto kvízu bez doplňovacích otázek.
7. Pořadí na kvízu Konečné umístění týmu na tomto kvízu.

Zaznamenané odpovědi

# Otázka Odpověď Body Výsledky
1. Ve čtvrtek byly zveřejněny výs... Václav Havel, Václav Klaus, Petr Pavel 0
2. Ve čtvrtek jsme si připomněli... Myanmar (Barma) 0
3. Napište jména známého muže a ž... Jeff Bezos, Lauren Sánchez 1
4. Minulý týden byly odhaleny pod... KFC 1
5. V Ostravě se konal tradiční at... 400 m překážek 0
6. Jedna z nejúspěšnějších filmov... Chris Pine, William Shatner 0.5
7. Napište originální anglický ná... The Hangover 1
8. Seřaďte jednotlivé díly filmov... 1B 2D 3A 4C 1
9. Jak se jmenovala dcera Edwarda... A 1
10. Závěrem se podíváme blíže na H... z hadů 1